CANADIAN JOURNAL OF BIOCHEMISTRY (Record no. 9380)

MARC details
000 -LEADER
fixed length control field 00448nam a2200145Ia 4500
022 ## - INTERNATIONAL STANDARD SERIAL NUMBER
ISSN 0008-4018
245 #0 - TITLE STATEMENT
Title CANADIAN JOURNAL OF BIOCHEMISTRY
246 ## - VARYING FORM OF TITLE
Title proper/short title Canadian Journal of Biochemistry and Cell Biology
260 ## - PUBLICATION, DISTRIBUTION, ETC. (IMPRINT)
Name of publisher National Research Council of Canada, Ottawa
Place of publication Canada
310 ## - CURRENT PUBLICATION FREQUENCY
Current publication frequency M
500 ## - GENERAL NOTE
General note Ending Volume & Year: 60, 1982
500 ## - GENERAL NOTE
General note Starting Volume & Year: 56, 1978
942 ## - ADDED ENTRY ELEMENTS (KOHA)
Koha item type Bound Journal
Holdings
Withdrawn status Lost status Damaged status Not for loan Home library Current library Date acquired Accession Number Koha item type
      Bound journals RRII Library RRII Library 31/12/2021 09328J Bound Journal